Statistics for Topological Map of the Autonomous Communities of Spain

Click here to take the quiz!

General Stats

  • This quiz has been taken 106 times
  • The average score is 12 of 15

Answers on the Map

Answers color-coded by a green-red scale on the quiz's map according to % correct below.
 

Answer Stats

Answer% Correct
Andalusia
94%
Madrid
92%
Catalonia
86%
Extremadura
84%
Castilla-La Mancha
83%
Galicia
83%
Murcia
81%
Valencian Community
81%
Basque Country
77%
Castile and Leon
77%
Cantabria
74%
Aragon
73%
Asturias
70%
La Rioja
68%
Navarre
61%

Score Distribution

Percentile by Number Answered

Percent of People with Each Score

Your Score History

You have not taken this quiz